Städte und Gemeinden mit dem Beginn Bad ... in Baden-Württemberg - Statistiken

Allgemein
  • Dieses Quiz wurde 362 mal gespielt
  • Das Durchschnittsergebnis liegt bei 9 aus 26
Antwortstatistiken
Kreis Stadt / Gemeinde % Korrekt
??? Baden-Baden
81%
Main-Tauber-Kreis Bad Mergentheim
51%
Reutlingen Bad Urach
51%
Sigmaringen Bad Saulgau
46%
Calw Bad Wildbad
46%
Calw Bad Liebenzell
43%
Heilbronn Bad Rappenau
43%
Biberach Bad Schussenried
43%
Ravensburg Bad Waldsee
43%
Calw Bad Herrenalb
39%
Göppingen Bad Boll
38%
Waldshut Bad Säckingen
37%
Heilbronn Bad Wimpfen
37%
Heilbronn Bad Friedrichshall
36%
Breisgau-Hochschwarzwald Bad Krozingen
36%
Biberach Bad Buchau
34%
Ravensburg Bad Wurzach
31%
Schwarzwald-Baar-Kreis Bad Dürrheim
30%
Lörrach Bad Bellingen
27%
Breisgau-Hochschwarzwald Badenweiler
26%
Calw Bad Teinach-Zavelstein
23%
Karlsruhe Bad Schönborn
22%
Göppingen Bad Überkingen
22%
Göppingen Bad Ditzenbach
20%
Ortenaukreis Bad Peterstal-Griesbach
16%
Freudenstadt Bad Rippoldsau-Schapbach
14%
Keine übereinstimmenden Quizze gefunden
Verteilung der Resultate
Anzahl Personen mit jedem Resultat
Perzentil nach korrekt beantworteten Fragen
Ihre Resultats-Entwicklung
Sie haben dieses Quiz noch nicht gespielt